| 000 | 00459nam a2200169 4500 | ||
|---|---|---|---|
| 001 | 148036 | ||
| 003 | ES-MaACL | ||
| 005 | 20230906202408.0 | ||
| 007 | t| | ||
| 008 | 070214s1974 sp r ||||1| spa d | ||
| 100 | 1 |
_aSpriano, Paolo. _9107799 |
|
| 245 | 1 | 0 |
_aStoria del Partito Comunista Italiano / _cPaolo Spriano. |
| 250 | _a6ยช. ed. | ||
| 260 |
_aTorino : _bEinaudi, _c1974. |
||
| 300 |
_a1 v. : _bil. ; _c22 cm. |
||
| 852 |
_aES-MaACL _jP-1745 _bR.90950 |
||
| 999 |
_c148036 _d148036 |
||